Essentials of health care finance / (Record no. 22683)
[ view plain ]
| 000 -LEADER | |
|---|---|
| fixed length control field | 02053cam a22003855a 4500 |
| 001 - CONTROL NUMBER | |
| control field | 16317010 |
| 005 - DATE AND TIME OF LATEST TRANSACTION | |
| control field | 20161018130300.0 |
| 008 - FIXED-LENGTH DATA ELEMENTS--GENERAL INFORMATION | |
| fixed length control field | 100702s2011 maua frbd 001 0 eng d |
| 010 ## - LIBRARY OF CONGRESS CONTROL NUMBER | |
| LC control number | 2010028477 |
| 020 ## - INTERNATIONAL STANDARD BOOK NUMBER | |
| International Standard Book Number | 9780763789299 (pbk.) |
| 020 ## - INTERNATIONAL STANDARD BOOK NUMBER | |
| International Standard Book Number | 0763789291 (pbk.) |
| 035 ## - SYSTEM CONTROL NUMBER | |
| System control number | (DNLM)101534884 |
| 040 ## - CATALOGING SOURCE | |
| Original cataloging agency | DNLM/DLC |
| Language of cataloging | eng |
| Transcribing agency | DLC |
| Modifying agency | EG-ScBUE |
| 042 ## - AUTHENTICATION CODE | |
| Authentication code | pcc |
| 082 04 - DEWEY DECIMAL CLASSIFICATION NUMBER | |
| Edition number | 22 |
| Classification number | 362.10681 |
| Item number | CLE |
| 100 1# - MAIN ENTRY--PERSONAL NAME | |
| Personal name | Cleverley, William O. |
| 9 (RLIN) | 41562 |
| 245 10 - TITLE STATEMENT | |
| Title | Essentials of health care finance / |
| Statement of responsibility, etc | William O. Cleverley, Paula H. Song, James O. Cleverley. |
| 250 ## - EDITION STATEMENT | |
| Edition statement | 7th ed. |
| 260 ## - PUBLICATION, DISTRIBUTION, ETC. (IMPRINT) | |
| Place of publication, distribution, etc | Sudbury, Massachusetts : |
| Name of publisher, distributor, etc | Jones & Bartlett Learning, LLC, |
| Date of publication, distribution, etc | 2011. |
| 300 ## - PHYSICAL DESCRIPTION | |
| Extent | xiii, 575 p. : |
| Other physical details | ill. ; |
| Dimensions | 29 cm. |
| 500 ## - GENERAL NOTE | |
| General note | Glossary : p. 515-538. |
| 500 ## - GENERAL NOTE | |
| General note | Index : p. 547-575. |
| 504 ## - BIBLIOGRAPHY, ETC. NOTE | |
| Bibliography, etc | Includes bibliographical references. |
| 505 0# - FORMATTED CONTENTS NOTE | |
| Formatted contents note | Financial information and the decision-making process -- Billing and coding for health services -- Financial environment of health care organizations -- Legal and regulatory environment -- Measuring community benefit -- Revenue determination -- Health insurance and managed care -- General principles of accounting -- Financial statements -- Accounting for inflation -- Analyzing financial position -- Financial analysis of alternative health care firms -- Strategic financial planning -- Cost concepts and decision making -- Product costing -- The management control process -- Cost variance analysis -- Financial mathematics -- Capital project analysis -- Consolidations and mergers -- Capital formation -- Working capital and cash management -- Developing the cash budget. |
| 590 ## - LOCAL NOTE (RLIN) | |
| Local note | Wessam |
| 650 #7 - SUBJECT ADDED ENTRY--TOPICAL TERM | |
| Topical term or geographic name as entry element | Hospitals |
| General subdivision | Finance. |
| Source of heading or term | BUEsh |
| 9 (RLIN) | 41566 |
| 650 #7 - SUBJECT ADDED ENTRY--TOPICAL TERM | |
| Topical term or geographic name as entry element | Hospitals |
| General subdivision | Accounting. |
| Source of heading or term | BUEsh |
| 9 (RLIN) | 41565 |
| 650 #7 - SUBJECT ADDED ENTRY--TOPICAL TERM | |
| Topical term or geographic name as entry element | Health facilities |
| General subdivision | Finance. |
| Source of heading or term | BUEsh |
| 9 (RLIN) | 41564 |
| 650 #7 - SUBJECT ADDED ENTRY--TOPICAL TERM | |
| Topical term or geographic name as entry element | Health facilities |
| General subdivision | Accounting. |
| Source of heading or term | BUEsh |
| 9 (RLIN) | 41563 |
| 651 ## - SUBJECT ADDED ENTRY--GEOGRAPHIC NAME | |
| Source of heading or term | BUEsh |
| 653 ## - INDEX TERM--UNCONTROLLED | |
| Resource For college | BAEPS, Business Administration |
| Arrived date list | October2016 |
| 700 1# - ADDED ENTRY--PERSONAL NAME | |
| Personal name | Cleverley, James O. |
| 9 (RLIN) | 41567 |
| 700 1# - ADDED ENTRY--PERSONAL NAME | |
| Personal name | Song, Paula H. |
| 9 (RLIN) | 41568 |
| 942 ## - ADDED ENTRY ELEMENTS (KOHA) | |
| Source of classification or shelving scheme | Dewey Decimal Classification |
| Edition | 22 |
| Call number prefix | 362.10681 CLE |
| Withdrawn status | Item status | Source of classification or shelving scheme | Damaged status | Not for loan | Vendor | Home library | Current library | Shelving location | Date acquired | Source of acquisition | Cost, normal purchase price | Serial Enumeration / chronology | Total Checkouts | Full call number | Barcode | Date last seen | Cost, replacement price | Koha item type |
|---|---|---|---|---|---|---|---|---|---|---|---|---|---|---|---|---|---|---|
| Dewey Decimal Classification | Academic Bookshop | Central Library | Central Library | First floor | 18/10/2016 | Purchase | 1152.00 | 9154 | 362.10681 CLE | 000033457 | 15/07/2025 | 1440.00 | Book - Borrowing |